000 00452cam a22001457a 4500
008 180718b2008 xxu||||| |||| 00| 0 eng d
020 _a8125034641
082 _aA99/G151 R14
100 _aRamagundam, Rahul
245 _aGandhi's khadi: a history of contention and collection
_cby Rahul Ramagundam
260 _aHyderabad
_bOrient Longman
_c2008
300 _a298p.
650 _aIndia - History
650 _aGandhi, M.K.- Criticism and interpretation
999 _c407530
_d407530